000 00582nam a2200241 a 4500
001 nice12345678
003 IN_TiNIC
005 20260116012447.0
008 050524s1988 dela grp 000 0 eng
020 _a
_c45
082 0 0 _a297.35
_bKHA
100 _aKhan, Imtiaz Ahmad
245 _aWhat Is Waqf.
260 _aDelhi
_bIdara-I-Adabiyat-I-Dilli
_c1988
300 _a92p
500 _aincludes index and biblioraphy
505 2 _aGlossary, Bibliography, Index
650 _aWaqf
700 1 _aKhan, Imtiaz Ahmad
902 _bSRS
942 _cBK
999 _c7109
_d7109